| 000 | 01191nam a22003737a 4500 | ||
|---|---|---|---|
| 001 | 0008216 | ||
| 003 | KOHA_MİRAKIL | ||
| 005 | 20260207001626.0 | ||
| 007 | ta | ||
| 008 | 091009b1989 tu |||gr||||#||||0|tur | | ||
| 020 |
_a 9751601215 _cTL5 |
||
| 040 |
_aTR-BiSEU _btur _cTR-BiSEU _erda |
||
| 041 | 0 | _atur | |
| 044 | _ctu | ||
| 050 |
_aZ6605.G7 _bM67 1989 |
||
| 100 | 1 | _aMoraux, Paul. | |
| 245 | 1 |
_aBibliothèque de la société turque d'histoire : _bcatalogue des manuscrits grecs (Fonds du syllogos)/ _cPaul Moraux ; Par Paul Moraux. |
|
| 264 | 1 |
_aAnkara : _bAtatürk Kültür, Dil ve Tarih Yüksek Kurumu. Türk Tarih Kurumu Basımevi _c1989 |
|
| 300 | _a xxiv, 265 sayfa; 24 cm. | ||
| 336 |
_ametin _btxt _2rdacontent |
||
| 337 |
_aaracısız _bn _2rdamedia |
||
| 338 |
_acilt _bnc _2rdacarrier |
||
| 490 | 1 | _aTürk Tarih Kurumu yayınlarından. | |
| 490 | 1 | _aXII. | |
| 490 | 1 |
_aseri ; _vno. |
|
| 490 | 1 | _a4-a. | |
| 500 | _aKaynakça ve dizin var. | ||
| 650 | 0 |
_aManuscripts, Greek-Catalogs. _920393 |
|
| 830 | 1 |
_aTürk Tarih Kurumu yayınlarından. _920292 |
|
| 830 | 1 |
_aXII. _920394 |
|
| 830 | 1 |
_aseri ; _vno. _916894 |
|
| 830 | 1 |
_a4-a. _920395 |
|
| 942 |
_2lcc _cBK |
||
| 999 |
_c8189 _d8189 |
||